<?xml version="1.0" encoding="UTF-8"?>
<record
    xmlns:xsi="http://www.w3.org/2001/XMLSchema-instance"
    xsi:schemaLocation="http://www.loc.gov/MARC21/slim http://www.loc.gov/standards/marcxml/schema/MARC21slim.xsd"
    xmlns="http://www.loc.gov/MARC21/slim">

  <leader>02690cab a2200277Ia 45 0</leader>
  <controlfield tag="001">u192665</controlfield>
  <controlfield tag="003">SIRSI</controlfield>
  <controlfield tag="008">110607s2007    ua     ss b         eng d</controlfield>
  <datafield tag="040" ind1=" " ind2=" ">
    <subfield code="a">EAL</subfield>
  </datafield>
  <datafield tag="090" ind1=" " ind2=" ">
    <subfield code="a">ART ICEE V1 30</subfield>
  </datafield>
  <datafield tag="100" ind1="1" ind2=" ">
    <subfield code="a">Ali, Abd El-Wahab M. </subfield>
  </datafield>
  <datafield tag="240" ind1="1" ind2="4">
    <subfield code="a">The Second International Conference of Economic Entomology, 2007 v.1</subfield>
    <subfield code="h">[electronic resource].</subfield>
  </datafield>
  <datafield tag="245" ind1="1" ind2="0">
    <subfield code="a">Rate of development and reproductive potential of the black melon bug, Coridius (Aspongopvs) vidua tvs f. (Hemiptera: Pentatomidae) in relation to constant temperatures</subfield>
    <subfield code="h">[electronic resource].</subfield>
  </datafield>
  <datafield tag="300" ind1=" " ind2=" ">
    <subfield code="a">p.445-452.</subfield>
  </datafield>
  <datafield tag="504" ind1=" " ind2=" ">
    <subfield code="a">Includes references.</subfield>
  </datafield>
  <datafield tag="520" ind1=" " ind2=" ">
    <subfield code="a">The effects of constant temperatures of 24. 28 and 32&#xB0;C on tlle rate of development and survival of different stages of the black melon bug (BMB). C. viduatus as well as on the reproductive potential of the adult were studied. The data indicate that the longest time required for the insect to complete its life cycle (81.59 days) was recorded at 24&#xB0;C. whereas the soonest period (34.45 days) was recorded at 32&#xB0;e. The morality rates were 57.31%. 64.67% and 70.14% at 24. 28 and 32&#xB0;C, respectively. The calculated developmental threshold from egg to adult emergence of the pest was abomI8.15&#xB0;e. By using this value as a base temperature, an average of about 439.03 day-degrees was calculated for the pest to complete its life cycle. The oviposition period was 121.7, 118.7 and 73.50 days at 24. 28 and 32&#xB0;C. respectively. The highest number of eggs (462.05 eggs/female) was obtained at 28&#xB0;C, the lowest number (23.10 eggs/female) was recorded at 24&#xB0;e. The duration of one generation (GT) of the pest lasted about 206.96. 129.02 and 87.54 days; the population of the pest had the capacity to double (DT) every 105.02.23.18 and 14.87 days; the reproductive rates (Ra) were about 3.97, 47.95 and 59.59 times witten a single generation; the values of the intrinsic rate of increase (rm) were 0.0066, 0.0299 and 0.0466. and the population of the pest had a capacity to multiply (A) about 1.0066. 1.0304 and 1.0478 times per female per day at 24. 28 and 32&#xB0;e. respectively. The calculated biological parameters indicated t1Iat temperatures of 32&#xB0;C seem to be the most favorable themal zone for the development and reproduction of this pest.</subfield>
  </datafield>
  <datafield tag="650" ind1=" " ind2="0">
    <subfield code="a">Melons</subfield>
    <subfield code="x">Diseases and pests.</subfield>
  </datafield>
  <datafield tag="650" ind1=" " ind2="0">
    <subfield code="a">Hemiptera.</subfield>
  </datafield>
  <datafield tag="650" ind1=" " ind2="0">
    <subfield code="a">Stinkbugs.</subfield>
  </datafield>
  <datafield tag="700" ind1="1" ind2=" ">
    <subfield code="a">Nasser, Mohamed A.</subfield>
  </datafield>
  <datafield tag="700" ind1="1" ind2=" ">
    <subfield code="a">Gameel, Salah M. M.</subfield>
  </datafield>
  <datafield tag="700" ind1="1" ind2=" ">
    <subfield code="a">El-Hariry, Magdi A.</subfield>
  </datafield>
  <datafield tag="773" ind1="0" ind2=" ">
    <subfield code="t">The Second International Conference of Economic Entomology.</subfield>
    <subfield code="g">2007.v.1</subfield>
    <subfield code="7">nnab</subfield>
    <subfield code="w">u192581</subfield>
  </datafield>
  <datafield tag="856" ind1="4" ind2="0">
    <subfield code="u">http://nile.enal.sci.eg/EALE/2007/ICEE/Conf/107/445.pdf</subfield>
    <subfield code="z">Full Text Articles.</subfield>
  </datafield>
  <datafield tag="596" ind1=" " ind2=" ">
    <subfield code="a">1</subfield>
  </datafield>
  <datafield tag="942" ind1=" " ind2=" ">
    <subfield code="c">AR</subfield>
    <subfield code="2">lcc</subfield>
  </datafield>
  <datafield tag="999" ind1=" " ind2=" ">
    <subfield code="c">46403</subfield>
    <subfield code="d">46403</subfield>
  </datafield>
</record>
